00470nam a2200181Ia 450000500170000000800410001702000170005804000190007504100120009408200160010610000170012224500510013926000260019030000140021650400190023065000290024985000100027820230206134137.0131103s9999 xx 000 0 und d a0 41668900 0 aLoreto College aEnglish a882.09bKIT aKitto,H.D.F. aGreek tragedyb a literary study cH.D.F.Kitto aLondonbMethuenc1973 ax,401 p.  aIncludes index aSophocles,4496 -406 B.C. aLCLIB